000
00295nam a22001097a 4500
999
_c
511269
_d
511269
020
_a
0671668773
082
_a
A3 N629
100
_a
Niernberg, Gerard I.and Calero, Henery H.
_9
10662
245
_a
How to Read a Person Like a Book
260
_a
Newyork
_b
Pocket Publications
_c
1971
300
_a
189p.